000 00430nam a2200157Ia 4500
008 230312s9999||||xx |||||||||||||| ||und||
020 _a81-203-1710-6
082 _a621.3845
_bRAJ-M
100 _aPandya,Raj
245 0 _aMobile and Personal Communication Systems and Services
260 _bPrentice Hall
_aIndia
_c2000
300 _a334
546 _aEng.
650 _aEngineering
_vDigital cellular Mobile Systems
942 _cBK
999 _c1143
_d1143